000
00273nam a2200121Ia 4500
008
190216s9999||||xx |||||||||||||| ||und||
100
_a
Shiva
245
0
_a
Sceince Technology For X
260
_b
Shivadas & Sons
_c
2003
300
_a
280
650
_a
Science
942
_c
REF
999
_c
36726
_d
36726